[Event "ICS rated blitz match"]
[Site "204.178.125.65"]
[Date "2000.10.13"]
[Round "?"]
[White "Tinker"]
[Black "Hossa"]
[Result "0-1"]
[WhiteElo "2303"]
[BlackElo "2476"]
[PlyCount "208"]
[EventDate "2000.??.??"]

1. e4 e5 2. Nf3 Nc6 3. Bc4 Bc5 4. c3 Nf6 5. d3 d6 6. b4 Bb6 7. a4 a6 8. Qe2 O-O
9. O-O Be6 10. Bxe6 fxe6 11. a5 Ba7 12. Na3 Qe8 13. Be3 Bxe3 14. Qxe3 d5 15.
Rfe1 Nd7 16. Nc2 Qf7 17. Red1 Ne7 18. Qd2 Ng6 19. Ng5 Qf6 20. Nh3 Rac8 21. c4
c6 22. Qe1 Rf7 23. f3 Rcf8 24. Nf2 Nf4 25. Ng4 Qg5 26. Qf1 Nf6 27. Nf2 Ne8 28.
Kh1 Nd6 29. Na3 Qh5 30. Kg1 Nc8 31. Nh1 Qh4 32. Nc2 Nd6 33. Ng3 Qg5 34. Rab1
Qf6 35. Na3 Qh4 36. c5 Ne8 37. Nc2 Nc7 38. Rb3 Nb5 39. Rc1 Qf6 40. Ra1 Nd4 41.
Rb2 Qg5 42. Kh1 Nb5 43. Na3 Nc7 44. Rd1 Qh4 45. Kg1 Qd8 46. Nc2 Nb5 47. Rb3 Qg5
48. Kh1 Qf6 49. Re1 d4 50. Na3 Nc3 51. Nb1 Nxb1 52. Rexb1 Qg5 53. Qf2 Qh4 54.
Kg1 Qf6 55. Ne2 Nxe2+ 56. Qxe2 Qg5 57. Kh1 Rf6 58. Qd1 Rh6 59. Qe1 Qf4 60. h3
Rg6 61. R3b2 Rg3 62. Ra1 Rf6 63. Re2 Qh4 64. Qd2 Rf8 65. Rb1 Kh8 66. Rf2 Rg5
67. Kg1 Qg3 68. Rb2 Rg6 69. Kf1 Rh6 70. Ra2 Rhf6 71. Qc1 R6f7 72. Rfe2 Kg8 73.
Qe1 Qg5 74. Ra1 Qf4 75. Kg1 Rf6 76. Qf2 Rg6 77. Kh1 Rg3 78. Rc2 Qh4 79. Kh2
Rfxf3 80. Qxf3 Rxf3 81. gxf3 Qf4+ 82. Kg2 Qg5+ 83. Kh2 Qe3 84. Ra3 Qxf3 85. Rb3
Qd1 86. Rcb2 Qf1 87. Kg3 Qg1+ 88. Rg2 Qe3+ 89. Kh2 Qf4+ 90. Kg1 h5 91. Kh1 Qc1+
92. Kh2 h4 93. Rf2 Qd1 94. Rfb2 g6 95. Kg2 Qe1 96. Rf2 Qe3 97. Rc2 Qg3+ 98. Kh1
Qxh3+ 99. Kg1 Qf3 100. Kh2 g5 101. Rg2 g4 102. Rbb2 Qf4+ 103. Kg1 g3 104. Rgc2
h3 {Tinker resigns} 0-1

[Event "ICS Rated standard match"]
[Site "204.178.125.65"]
[Date "2000.10.13"]
[Round "?"]
[White "Hossa"]
[Black "nitmo"]
[Result "1-0"]
[WhiteElo "2381"]
[BlackElo "1994"]
[PlyCount "61"]
[EventDate "2000.??.??"]

1. d4 d5 2. c4 e5 3. dxe5 d4 4. Nf3 Nc6 5. g3 Bg4 6. Bg2 Qd7 7. O-O Bh3 8. Bxh3
Qxh3 9. e3 h5 10. exd4 h4 11. d5 O-O-O 12. Ng5 Qd7 13. e6 fxe6 14. Nxe6 hxg3
15. hxg3 Bc5 16. Bf4 Nge7 17. Nc3 Rdg8 18. Bxc7 Nd4 19. Ne4 Nxe6 20. dxe6 Qxc7
21. Qd7+ Qxd7 22. exd7+ Kxd7 23. Nxc5+ Kc6 24. Rfe1 Nf5 25. Ne6 g5 26. Re5 Rh6
27. Rd1 Rgh8 28. Rd8 Rh1+ 29. Kg2 R8h2+ 30. Kf3 Nh6 31. Rc5+ {nitmo resigns}
1-0

[Event "ICS rated blitz match"]
[Site "204.178.125.65"]
[Date "2000.10.13"]
[Round "?"]
[White "Hossa"]
[Black "cfd"]
[Result "1-0"]
[WhiteElo "2485"]
[BlackElo "2270"]
[PlyCount "57"]
[EventDate "2000.??.??"]

1. e4 d6 2. d4 e5 3. Nf3 Nd7 4. Nc3 Be7 5. Bb5 c6 6. Be2 Ngf6 7. O-O O-O 8.
dxe5 dxe5 9. a3 Qc7 10. Bd2 Rd8 11. Bc4 h6 12. Qe2 Nf8 13. Rfd1 Be6 14. Be3 b5
15. Bxe6 Nxe6 16. Rxd8+ Rxd8 17. Rd1 Bc5 18. Rxd8+ Qxd8 19. Bxc5 Nxc5 20. Nxe5
Qc7 21. Nd3 Nxd3 22. cxd3 Qf4 23. f3 Nd7 24. d4 a5 25. d5 Qc1+ 26. Kf2 cxd5 27.
exd5 Nc5 28. Nxb5 a4 29. d6 {cfd resigns} 1-0

[Event "ICS rated blitz match"]
[Site "204.178.125.65"]
[Date "2000.10.13"]
[Round "?"]
[White "cfd"]
[Black "Hossa"]
[Result "0-1"]
[WhiteElo "2263"]
[BlackElo "2492"]
[PlyCount "62"]
[EventDate "2000.??.??"]

1. d4 d5 2. e3 Nf6 3. Bd3 c5 4. c3 c4 5. Bc2 Nc6 6. f4 Bg4 7. Nf3 Qd7 8. O-O e6
9. Nbd2 Be7 10. h3 Bh5 11. g4 Bg6 12. Ne5 Bxc2 13. Qxc2 Qc7 14. g5 Nd7 15. Ndf3
Ncxe5 16. fxe5 Qc6 17. Bd2 O-O-O 18. Rae1 Kb8 19. e4 Nb6 20. exd5 Nxd5 21. Qe4
Qa4 22. a3 Qb3 23. Rb1 Rdf8 24. Bf4 Nxf4 25. Qxf4 Qc2 26. h4 h6 27. Qd2 Qg6 28.
Qg2 hxg5 29. hxg5 Rh5 30. Kf2 Bxg5 31. Rh1 Qc2+ {cfd resigns} 0-1

[Event "ICS rated blitz match"]
[Site "204.178.125.65"]
[Date "2000.10.13"]
[Round "?"]
[White "Hossa"]
[Black "cfd"]
[Result "1-0"]
[WhiteElo "2499"]
[BlackElo "2256"]
[PlyCount "41"]
[EventDate "2000.??.??"]

1. e4 e6 2. d4 d5 3. Nd2 dxe4 4. Nxe4 Nd7 5. Bb5 c6 6. Bd3 Ngf6 7. Nxf6+ Nxf6
8. Nf3 b6 9. O-O Bb7 10. Ne5 Bd6 11. Qf3 Qc7 12. Bh6 c5 13. Qg3 Rg8 14. Bb5+
Kf8 15. Bf4 Rd8 16. Rfd1 g5 17. Bxg5 Ne4 18. Bxd8 Qxd8 19. Nd7+ Ke7 20. Qh4+
Nf6 21. Qxf6+ {cfd resigns} 1-0

[Event "ICS rated standard match"]
[Site "204.178.125.65"]
[Date "2000.10.13"]
[Round "?"]
[White "Hossa"]
[Black "nitmo"]
[Result "1-0"]
[WhiteElo "2371"]
[BlackElo "2004"]
[PlyCount "72"]
[EventDate "2000.??.??"]

1. e4 e5 2. Nf3 Nc6 3. Bc4 Nf6 4. Ng5 d5 5. exd5 Na5 6. Bb5+ c6 7. dxc6 bxc6 8.
Be2 h6 9. Nf3 e4 10. Ne5 Qd4 11. f4 Bc5 12. Rf1 Qd8 13. c3 Nd5 14. Qa4 O-O 15.
b4 Qh4+ 16. Kd1 Rd8 17. Kc2 Qxh2 18. bxc5 Bf5 19. Qxa5 Qxg2 20. Qa6 e3+ 21. Kb2
Rab8+ 22. Ka3 Nc7 23. Qc4 Be6 24. Bf3 Qh2 25. Ng4 Qh3 26. Qe2 Bf5 27. Rh1 Qg3
28. Qxe3 Bxb1 29. Nxh6+ gxh6 30. Rg1 Nb5+ 31. Ka4 Bc2+ 32. Ka5 Qxg1 33. Qxg1+
Kf8 34. Qh2 Nc7 35. Bxc6 Rd5 36. d4 h5 {nitmo resigns} 1-0

[Event "ICS rated blitz match"]
[Site "204.178.125.65"]
[Date "2000.10.13"]
[Round "?"]
[White "brutus"]
[Black "Hossa"]
[Result "1/2-1/2"]
[WhiteElo "2150"]
[BlackElo "2505"]
[PlyCount "154"]
[EventDate "2000.??.??"]

1. e4 c5 2. Nf3 e6 3. d4 cxd4 4. Nxd4 Nf6 5. Nc3 d6 6. Bg5 Nc6 7. Qd2 Be7 8. f3
O-O 9. O-O-O Nxd4 10. Qxd4 Bd7 11. Kb1 Nxe4 12. Nxe4 Bxg5 13. Nxg5 Qxg5 14.
Qxd6 Rfd8 15. Qg3 Qxg3 16. hxg3 Rac8 17. Bd3 h6 18. Be4 b6 19. g4 Bb5 20. Kc1
Be2 21. Rd2 Rxd2 22. Kxd2 Bb5 23. Rd1 Rd8+ 24. Ke1 Rxd1+ 25. Kxd1 g6 26. g3 Kf8
27. Kd2 Ke7 28. b3 Kd6 29. c4 Bc6 30. Bxc6 Kxc6 31. Kc3 a5 32. a3 e5 33. b4
axb4+ 34. axb4 Kd6 35. Kd3 f6 36. Ke4 Ke6 37. f4 f5+ 38. gxf5+ gxf5+ 39. Ke3 e4
40. Kd4 Kd7 41. Ke3 Kc6 42. Kd4 Kd6 43. Ke3 Kd7 44. Kd4 Kc8 45. Ke3 Kd8 46. Kd4
Ke8 47. Ke3 h5 48. Kd4 Ke7 49. Ke3 Ke6 50. Kd4 Kd6 51. Ke3 Kc6 52. Kd4 Kd7 53.
Ke3 Kc7 54. Kd4 Kc8 55. Ke3 Kd7 56. Kd4 Kd8 57. Ke3 Kc8 58. Kd4 Kb8 59. Ke3 Kb7
60. Kd4 Kc7 61. Ke3 Kd6 62. Kd4 Kc6 63. Ke3 b5 64. c5 Kd7 65. Kd4 Ke6 66. Ke3
Ke7 67. Kd4 Kf7 68. Ke3 Ke8 69. Kd4 Kd7 70. Ke3 Kc7 71. Kd4 Kd8 72. Ke3 Ke8 73.
Kd4 Kd7 74. Ke3 Kc7 75. Kd4 Kd8 76. Ke3 Ke8 77. Kd4 Kd7 {
Game drawn by repetition} 1/2-1/2

[Event "ICS rated blitz match"]
[Site "204.178.125.65"]
[Date "2000.10.13"]
[Round "?"]
[White "Hossa"]
[Black "Palooka"]
[Result "1-0"]
[WhiteElo "2493"]
[BlackElo "2174"]
[PlyCount "81"]
[EventDate "2000.??.??"]

1. d4 Nf6 2. c4 g6 3. Nc3 d5 4. Qb3 dxc4 5. Qxc4 Bg7 6. e4 O-O 7. Nf3 Na6 8.
Be2 c5 9. dxc5 Qa5 10. e5 Ng4 11. O-O Nxe5 12. Nxe5 Bxe5 13. Nd5 Qxc5 14. Qxc5
Nxc5 15. Nxe7+ Kg7 16. Be3 Ne6 17. Rad1 Nf4 18. Bf3 Be6 19. Rfe1 Rae8 20. Bc5
Bxb2 21. Nd5 Nxd5 22. Bxf8+ Kxf8 23. Bxd5 Bc8 24. Rxe8+ Kxe8 25. Rb1 Bd4 26.
Rc1 Bd7 27. Bxb7 Be6 28. Rd1 Bb6 29. Bd5 Bf5 30. h3 h5 31. Re1+ Kf8 32. Be4 Be6
33. Bxg6 Bxa2 34. Bxh5 Bc5 35. Bf3 a5 36. Ra1 Be6 37. Rxa5 Bb4 38. Rb5 Be7 39.
Bd5 Bd7 40. Rb8+ Kg7 41. Rb7 {Palooka resigns} 1-0

[Event "ICS rated blitz match"]
[Site "204.178.125.65"]
[Date "2000.10.13"]
[Round "?"]
[White "flytox"]
[Black "Hossa"]
[Result "0-1"]
[WhiteElo "2008"]
[BlackElo "2497"]
[PlyCount "82"]
[EventDate "2000.??.??"]

1. e4 e5 2. Nf3 Nc6 3. Bb5 a6 4. Ba4 Nf6 5. O-O Be7 6. Re1 b5 7. Bb3 d6 8. c3
O-O 9. h3 Bb7 10. d4 Re8 11. Nbd2 Bf8 12. Bc2 g6 13. Nf1 exd4 14. cxd4 Nb4 15.
e5 Bxf3 16. gxf3 dxe5 17. dxe5 Qxd1 18. Bxd1 Nd3 19. Re2 Nxe5 20. Bf4 Nxf3+ 21.
Kg2 Rxe2 22. Bxe2 Nd4 23. Bd3 Ne6 24. Be5 Bg7 25. f4 Rd8 26. Be2 Nd7 27. Bxg7
Nxf4+ 28. Kf3 Nxe2 29. Kxe2 Kxg7 30. Rd1 Re8+ 31. Ne3 Ne5 32. b3 f5 33. Kf2 c6
34. Rd6 a5 35. a4 bxa4 36. bxa4 Kf7 37. h4 Rb8 38. Rd2 Rb4 39. h5 Rxa4 40.
hxg6+ hxg6 41. Rb2 Nd3+ {flytox resigns} 0-1

[Event "ICS rated blitz match"]
[Site "204.178.125.65"]
[Date "2000.10.13"]
[Round "?"]
[White "Hossa"]
[Black "pepekan"]
[Result "1-0"]
[WhiteElo "2499"]
[BlackElo "2477"]
[PlyCount "55"]
[EventDate "2000.??.??"]

1. d4 Nf6 2. Nf3 e6 3. Bf4 b6 4. e3 Bb7 5. Bd3 Be7 6. Nbd2 Nh5 7. Bg3 Nxg3 8.
hxg3 h6 9. Qe2 c5 10. O-O-O cxd4 11. exd4 Nc6 12. c3 Rc8 13. Rde1 Nb4 14. Bc4
Qc7 15. Kb1 Nc6 16. d5 Na5 17. dxe6 dxe6 18. Bb5+ Nc6 19. Rd1 Rg8 20. Nb3 Bd6
21. Nbd4 Kf8 22. Nxe6+ fxe6 23. Qxe6 Ne7 24. Rxd6 Be4+ 25. Bd3 Bxd3+ 26. Rxd3
Qc6 27. Rd6 Qc4 28. Rd8+ {pepekan resigns} 1-0

[Event "ICS rated standard match"]
[Site "204.178.125.65"]
[Date "2000.10.13"]
[Round "?"]
[White "Interceptor"]
[Black "Hossa"]
[Result "1-0"]
[WhiteElo "2479"]
[BlackElo "2374"]
[PlyCount "73"]
[EventDate "2000.??.??"]

1. e4 c5 2. c3 d5 3. exd5 Qxd5 4. d4 cxd4 5. cxd4 Nc6 6. Nf3 e5 7. Nc3 Bb4 8.
Bd2 Bxc3 9. Bxc3 e4 10. Ne5 Nxe5 11. dxe5 Ne7 12. Qe2 Qc6 13. Rd1 Be6 14. Rd6
Qa4 15. b3 Qa3 16. Qd2 Qc5 17. Bd4 Qc8 18. Bb5+ Nc6 19. O-O O-O 20. Rc1 Bd7 21.
Ba1 Rd8 22. e6 e3 23. exf7+ Kxf7 24. Qxe3 Be6 25. Rxe6 Qxe6 26. Bc4 Rd5 27.
Qf3+ Ke7 28. Bxd5 Qh6 29. Qf7+ Kd6 30. f4 Re8 31. Bxc6 Re1+ 32. Rxe1 Kxc6 33.
Qe8+ Kc7 34. Re7+ Kd6 35. Qd7+ Kc5 36. Bd4+ Kb4 37. Qa4# {Hossa checkmated} 1-0

[Event "ICS rated blitz match"]
[Site "204.178.125.65"]
[Date "2000.10.13"]
[Round "?"]
[White "Hossa"]
[Black "shally"]
[Result "1-0"]
[WhiteElo "2528"]
[BlackElo "2224"]
[PlyCount "87"]
[EventDate "2000.??.??"]

1. e4 c5 2. Nf3 Nc6 3. d4 cxd4 4. Nxd4 Nf6 5. Nc3 e6 6. Ndb5 d6 7. Bf4 e5 8.
Bg5 Be6 9. Nd5 Bxd5 10. exd5 Ne7 11. Nc3 a6 12. Qf3 Nd7 13. Be2 f6 14. Be3 g6
15. O-O Bg7 16. Ne4 Qc7 17. c3 O-O 18. Rfd1 b5 19. Qh3 Nf5 20. Bg4 Nxe3 21.
Be6+ Kh8 22. Qxe3 f5 23. Bxd7 Qxd7 24. Ng5 Bh6 25. Nf7+ Rxf7 26. Qxh6 Rc8 27.
Rd2 Rc4 28. Rd3 Qe7 29. Rh3 e4 30. Qxg6 f4 31. Rh6 f3 32. Qxd6 Qxd6 33. Rxd6 b4
34. gxf3 bxc3 35. bxc3 exf3 36. Rxa6 Rxc3 37. Ra8+ Kg7 38. Rd1 Rc2 39. Ra3 Kh6
40. d6 Rg7+ 41. Kf1 Rf7 42. Rad3 Rg7 43. d7 Rg2 44. Rxf3 {shally resigns} 1-0

[Event "ICS rated standard match"]
[Site "204.178.125.65"]
[Date "2000.10.13"]
[Round "?"]
[White "Hossa"]
[Black "filoxor"]
[Result "1-0"]
[WhiteElo "2363"]
[BlackElo "2154"]
[PlyCount "121"]
[EventDate "2000.??.??"]

1. d4 d5 2. c4 dxc4 3. e4 e5 4. Nf3 exd4 5. Bxc4 Bb4+ 6. Nbd2 Nc6 7. O-O Nf6 8.
e5 Ng4 9. h3 Nh6 10. Nb3 Nf5 11. Bg5 Be7 12. Bxe7 Qxe7 13. Bb5 Bd7 14. Bxc6
Bxc6 15. Nfxd4 Nxd4 16. Nxd4 Bd7 17. Qb3 O-O 18. Qxb7 Qxe5 19. Nf3 Qa5 20. Rfc1
Rfc8 21. b3 Qb6 22. Qd5 Be6 23. Qe4 h6 24. Ne5 c5 25. Nd3 Rab8 26. Rc3 Qa5 27.
Qe5 Rb5 28. b4 Qc7 29. Qxc7 Rxc7 30. a4 Rbb7 31. bxc5 Bf5 32. Rac1 Bxd3 33.
Rxd3 Rb4 34. c6 Rb6 35. Rd8+ Kh7 36. Rd6 Kg8 37. a5 Ra6 38. Rc5 Kf8 39. Rd7
Rxd7 40. cxd7 Ke7 41. Rd5 Kd8 42. g4 Rc6 43. f4 Rc2 44. Rf5 f6 45. g5 hxg5 46.
fxg5 Rc6 47. Rd5 Rc7 48. gxf6 gxf6 49. Rd6 f5 50. Rd5 f4 51. Rf5 Rc4 52. h4
Kxd7 53. Rf7+ Ke6 54. Rxa7 f3 55. h5 Rh4 56. h6 Ke5 57. h7 Ke4 58. Re7+ Kf4 59.
a6 Kg3 60. Rg7+ Kf4 61. a7 {filoxor resigns} 1-0

[Event "ICS Rated standard match"]
[Site "204.178.125.65"]
[Date "2000.10.13"]
[Round "?"]
[White "puter"]
[Black "Hossa"]
[Result "0-1"]
[WhiteElo "2384"]
[BlackElo "2370"]
[PlyCount "238"]
[EventDate "2000.??.??"]

1. Nf3 d5 2. d4 c6 3. c4 dxc4 4. e3 b5 5. a4 e6 6. axb5 cxb5 7. b3 Nc6 8. bxc4
bxc4 9. Bxc4 Nf6 10. O-O Bb7 11. Bd2 Be7 12. Nc3 O-O 13. Qa4 a5 14. Rfc1 Nb4
15. Ne5 Bd6 16. f4 Ne4 17. Nxe4 Bxe4 18. Qb5 Re8 19. Be2 Re7 20. Rxa5 Rb7 21.
Rxa8 Qxa8 22. Qc4 Rc7 23. Qxc7 Bxc7 24. Rxc7 Nc6 25. Nxc6 Bxc6 26. Bf1 Be4 27.
Bb4 h6 28. Bc3 Qb8 29. Rc5 Qb1 30. Rc8+ Kh7 31. Kf2 Qc2+ 32. Kg1 Bd3 33. Bxd3+
Qxd3 34. Kf2 Qc2+ 35. Kf3 Qb1 36. Kg3 Qa2 37. Bb4 Qe2 38. Rc3 Qe1+ 39. Kf3 Qf1+
40. Kg3 Qb1 41. Ba5 Qe1+ 42. Kf3 Qh4 43. Bb4 Qxh2 44. Rc7 Qg1 45. Rxf7 Qf1+ 46.
Kg3 Qb1 47. Re7 Qxb4 48. Rxe6 Qc4 49. Re5 Qe2 50. d5 h5 51. Kh2 h4 52. Re7 h3
53. Kxh3 Qh5+ 54. Kg3 Qxd5 55. e4 Qd3+ 56. Kg4 Qe2+ 57. Kg3 Kg6 58. Re6+ Kf7
59. Re5 Kf8 60. Rf5+ Kg8 61. Re5 Kf7 62. Rf5+ Kg6 63. Rg5+ Kh6 64. Re5 g6 65.
Re7 Qd3+ 66. Kg4 Qd1+ 67. Kg3 Qd8 68. Re5 Qd2 69. Kf3 Qd3+ 70. Kg4 Qe2+ 71. Kg3
Kg7 72. Re7+ Kf6 73. Re5 Qd2 74. Kf3 Qd1+ 75. Kg3 Qe2 76. Re8 Qe3+ 77. Kg4 Qf2
78. g3 Qe2+ 79. Kh3 Qf1+ 80. Kh2 Qf2+ 81. Kh3 Qg1 82. Re5 Qf1+ 83. Kh2 Kf7 84.
Rd5 Qe2+ 85. Kh3 Qxe4 86. Re5 Qc6 87. Kg4 Kf6 88. Kh3 Qc7 89. Kg4 Qc4 90. Kf3
Qb3+ 91. Kg4 Qb7 92. Rc5 Qd7+ 93. Kh4 Qe7 94. Re5 Qh7+ 95. Kg4 Qd7+ 96. Kf3
Qd1+ 97. Kf2 Qc2+ 98. Kf3 Qc6+ 99. Kg4 Qh1 100. Rg5 Qe1 101. Re5 Qd1+ 102. Kh3
Qd7+ 103. Kg2 Qb7+ 104. Kh3 Qc8+ 105. Kh4 Qd8 106. Kg4 Qd3 107. Rc5 Qe2+ 108.
Kh4 Qe1 109. Rc6+ Kf7 110. Rc7+ Ke8 111. Rc8+ Kd7 112. Rc5 Qh1+ 113. Kg4 Ke7
114. Re5+ Kf7 115. Rc5 Qd1+ 116. Kh4 Qd8+ 117. Kg4 Qd7+ 118. Kg5 Qe7+ 119. Kg4
Qxc5 {puter resigns} 0-1

[Event "ICS Rated blitz match"]
[Site "204.178.125.65"]
[Date "2000.10.13"]
[Round "?"]
[White "LeTiger"]
[Black "Hossa"]
[Result "1-0"]
[WhiteElo "2808"]
[BlackElo "2533"]
[PlyCount "133"]
[EventDate "2000.??.??"]

1. d4 d5 2. c4 e6 3. Nc3 Nf6 4. Bg5 Be7 5. e3 O-O 6. Nf3 Nbd7 7. Rc1 c6 8. Bd3
dxc4 9. Bxc4 Nd5 10. Bxe7 Qxe7 11. Ne4 N5f6 12. Nxf6+ Qxf6 13. O-O e5 14. e4
exd4 15. Qxd4 Qxd4 16. Nxd4 Rd8 17. Rfd1 Ne5 18. Bb3 Ng6 19. f3 a5 20. a3 a4
21. Bc2 Bd7 22. Kf2 Nf4 23. g3 Nh3+ 24. Ke3 h6 25. Ne2 g6 26. Rd4 b5 27. Rcd1
Ra7 28. Rd6 Rc7 29. e5 Kf8 30. f4 Ke7 31. f5 gxf5 32. Bxf5 Ng5 33. Nd4 c5 34.
Nxb5 Rb7 35. Nc3 Bxf5 36. Nd5+ Ke8 37. Nf6+ Ke7 38. Rxd8 Rb3+ 39. Ke2 Rxb2+ 40.
R1d2 Rxd2+ 41. Rxd2 Ke6 42. g4 Bg6 43. Ke3 c4 44. h4 c3 45. Rd8 Kxe5 46. hxg5
hxg5 47. Nd7+ Kd6 48. Nf8+ Ke7 49. Rb8 Bc2 50. Kd4 Bd1 51. Kxc3 Bxg4 52. Nh7 f6
53. Kd4 Kf7 54. Rb6 Bd1 55. Nxf6 Bc2 56. Ne4 g4 57. Ke5 Bd1 58. Kf5 Ke7 59.
Re6+ Kf7 60. Nd6+ Kg7 61. Re7+ Kh6 62. Kf6 Bc2 63. Re1 Kh7 64. Nf7 Bg6 65. Rh1+
Bh5 66. Rxh5+ Kg8 67. Rh8# {Hossa checkmated} 1-0

[Event "ICS rated blitz match"]
[Site "204.178.125.65"]
[Date "2000.10.13"]
[Round "?"]
[White "Hossa"]
[Black "soulcaliber"]
[Result "1-0"]
[WhiteElo "2528"]
[BlackElo "2008"]
[PlyCount "32"]
[EventDate "2000.??.??"]

1. e4 e6 2. d4 d5 3. Nd2 Nf6 4. e5 Nfd7 5. Bd3 c5 6. c3 Nc6 7. Ne2 cxd4 8. cxd4
f6 9. Nf4 fxe5 10. Nxe6 Qa5 11. Qh5+ g6 12. Bxg6+ Ke7 13. Nxf8 Kxf8 14. Bxh7
Nxd4 15. Qh6+ Ke7 16. Qg7+ Kd6 {soulcaliber resigns} 1-0

[Event "ICS rated blitz match"]
[Site "204.178.125.65"]
[Date "2000.10.13"]
[Round "?"]
[White "Hossa"]
[Black "vova24"]
[Result "1-0"]
[WhiteElo "2530"]
[BlackElo "2209"]
[PlyCount "73"]
[EventDate "2000.??.??"]

1. e4 c5 2. c3 d5 3. exd5 Qxd5 4. d4 Nc6 5. Nf3 Bg4 6. dxc5 Qxc5 7. Be3 Qa5 8.
h3 Bxf3 9. Qxf3 Nf6 10. Nd2 e6 11. Nc4 Qd5 12. Be2 Be7 13. Rd1 Qxf3 14. Bxf3
O-O 15. O-O Rfd8 16. Rxd8+ Rxd8 17. Bxc6 bxc6 18. Ne5 Rc8 19. Bxa7 c5 20. Rd1
Ra8 21. Nc6 Bf8 22. Rd8 Rxd8 23. Nxd8 Nd7 24. Nc6 Bd6 25. b4 Kf8 26. a4 Ke8 27.
a5 cxb4 28. cxb4 Ne5 29. Nxe5 Bxe5 30. Bc5 Kd7 31. a6 Kc6 32. b5+ Kc7 33. b6+
Kc8 34. g3 f5 35. f4 Bc3 36. b7+ Kc7 37. Ba7 {vova24 resigns} 1-0

[Event "ICS rated blitz match"]
[Site "204.178.125.65"]
[Date "2000.10.13"]
[Round "?"]
[White "Zippy"]
[Black "Hossa"]
[Result "1-0"]
[WhiteElo "2387"]
[BlackElo "2534"]
[PlyCount "159"]
[EventDate "2000.??.??"]

1. e4 e5 2. Nf3 Nc6 3. Bb5 a6 4. Ba4 Nf6 5. O-O Be7 6. Bxc6 dxc6 7. Nxe5 Nxe4
8. d3 Nf6 9. Nc3 O-O 10. Re1 Re8 11. Qf3 Be6 12. Qg3 Nh5 13. Qf3 Nf6 14. Qg3
Nd5 15. Ne4 Bh4 16. Qf3 f6 17. Nc4 Nb4 18. Ne3 Nxa2 19. Bd2 Qd4 20. Qh5 Bg5 21.
Nxg5 fxg5 22. Qxg5 b6 23. Qg3 Qxb2 24. Rab1 Qf6 25. Qxc7 b5 26. Qxc6 Qf7 27.
Ra1 Rf8 28. f3 Rfc8 29. Qd6 Rd8 30. Qa3 a5 31. Rad1 b4 32. Qb2 Qc7 33. g3 Nc3
34. Bxc3 bxc3 35. Qa3 Rf8 36. f4 Rab8 37. d4 Rfc8 38. d5 Bh3 39. d6 Qa7 40. Rd3
Rb6 41. Red1 Rbc6 42. Kf2 Rc5 43. d7 Rd8 44. Rd4 Be6 45. h4 Kf7 46. R1d3 Rc6
47. Ra4 Ra6 48. Qxc3 Rxd7 49. Rxd7+ Bxd7 50. Re4 Kf8 51. Qa3+ Kg8 52. Re7 Re6
53. Qb3 Qxe3+ 54. Qxe3 Rxe3 55. Kxe3 Bc6 56. Rc7 Be8 57. c4 a4 58. Kd4 h5 59.
c5 Kh7 60. c6 Kg8 61. Kc5 Kh7 62. Rc8 Bxc6 63. Rxc6 a3 64. Kb4 a2 65. Ra6 g6
66. Ra7+ Kg8 67. Kc4 Kf8 68. Rxa2 Kg7 69. Ra7+ Kf6 70. Kd5 Kf5 71. Ra6 Kg4 72.
Rxg6+ Kf5 73. Rg5+ Kf6 74. g4 hxg4 75. h5 Ke7 76. h6 Ke8 77. h7 Ke7 78. h8=Q
Kf7 79. Qh7+ Kf6 80. Qg7# {Hossa checkmated} 1-0

[Event "ICS rated standard match"]
[Site "204.178.125.65"]
[Date "2000.10.13"]
[Round "?"]
[White "Hossa"]
[Black "Interceptor"]
[Result "1/2-1/2"]
[WhiteElo "2387"]
[BlackElo "2490"]
[PlyCount "145"]
[EventDate "2000.??.??"]

1. d4 Nf6 2. c4 g6 3. Nc3 d5 4. Qb3 Bg7 5. cxd5 c6 6. dxc6 Nxc6 7. d5 Na5 8.
Qd1 O-O 9. e4 Bd7 10. e5 Ng4 11. e6 Nxf2 12. Kxf2 fxe6+ 13. Nf3 Qb6+ 14. Ke1
Rac8 15. Be2 Rxc3 16. bxc3 Bxc3+ 17. Bd2 Bxa1 18. Qxa1 exd5 19. Qd4 Qxd4 20.
Nxd4 Nc6 21. Nb5 e5 22. Nd6 Nd4 23. Bh6 Rf6 24. Rf1 Rxf1+ 25. Kxf1 Nf5 26. Bg4
b5 27. Ke1 a6 28. Bg5 Kg7 29. Nb7 h6 30. Nc5 Bc8 31. Bc1 h5 32. Bf3 e4 33. Bb2+
Kh6 34. Bd1 Kg5 35. Bb3 Ne7 36. h4+ Kf5 37. Bg7 g5 38. hxg5 Kxg5 39. Bf8 Kf6
40. Bxe7+ Kxe7 41. Bxd5 Kd6 42. Bb7 Bxb7 43. Nxb7+ Kc6 44. Na5+ Kc5 45. Kf2 Kb4
46. Nc6+ Kc5 47. Nd8 a5 48. Ke3 a4 49. Ne6+ Kc4 50. g3 b4 51. Kd2 b3 52. axb3+
axb3 53. Ng5 b2 54. Kc2 e3 55. Nf3 b1=R 56. Kxb1 Kd3 57. Kc1 e2 58. Ne1+ Ke3
59. Kc2 Kf2 60. Kd2 Kxg3 61. Kxe2 h4 62. Kf1 h3 63. Kg1 h2+ 64. Kh1 Kh3 65. Nd3
Kh4 66. Ne5 Kh5 67. Nc6 Kh6 68. Ne5 Kh7 69. Nc6 Kh8 70. Ne5 Kg8 71. Nc6 Kh8 72.
Ne5 Kg8 73. Nc6 {Game drawn by mutual agreement} 1/2-1/2

[Event "ICS rated blitz match"]
[Site "204.178.125.65"]
[Date "2000.10.13"]
[Round "?"]
[White "Colorado"]
[Black "Hossa"]
[Result "1/2-1/2"]
[WhiteElo "2713"]
[BlackElo "2512"]
[PlyCount "233"]
[EventDate "2000.??.??"]

1. e4 e5 2. Nf3 Nc6 3. Bc4 Bc5 4. c3 Nf6 5. d4 exd4 6. cxd4 Bb4+ 7. Bd2 Bxd2+
8. Nbxd2 d5 9. exd5 Nxd5 10. Qb3 Na5 11. Qa4+ Nc6 12. O-O O-O 13. Qc2 Ndb4 14.
Qb3 a5 15. a3 a4 16. Qd1 Nd5 17. Bb5 Nde7 18. Re1 Bg4 19. Bxa4 Nxd4 20. Re4
Nxf3+ 21. Nxf3 Be6 22. Qe2 Nd5 23. Re1 Qf6 24. Bc2 Nf4 25. Qd2 Ng6 26. Rb4 Rfd8
27. Qc1 c5 28. Rb5 Bd5 29. Rxc5 Nf4 30. Qe3 Nh3+ 31. Kf1 Bxf3 32. Qxf3 Qxf3 33.
gxf3 Rd2 34. Re2 Rxe2 35. Kxe2 Nf4+ 36. Ke3 Ng2+ 37. Kd4 Nf4 38. Bb3 Ne2+ 39.
Kd3 Nf4+ 40. Ke4 Ne6 41. Bxe6 fxe6 42. Ke5 Rf8 43. Rc3 Kf7 44. Rb3 Kg6 45. Kxe6
Rf7 46. a4 h5 47. Ke5 Re7+ 48. Kf4 Kh6 49. h4 Rf7+ 50. Kg3 Kg6 51. Rb6+ Kh7 52.
b4 Kg8 53. a5 Kh7 54. b5 Rd7 55. a6 bxa6 56. bxa6 Rd4 57. a7 Ra4 58. Rb7 Kg6
59. f4 Ra3+ 60. f3 Kf6 61. Kf2 g6 62. Kg3 Ra2 63. Rd7 Kf5 64. Re7 Ra1 65. Rf7+
Ke6 66. Rg7 Kf5 67. Re7 Ra2 68. Rf7+ Ke6 69. Rc7 Kf5 70. Rf7+ Ke6 71. Rc7 Kf5
72. Re7 Ra1 73. Rf7+ Ke6 74. Rh7 Ra2 75. Kh3 Ra3 76. Kg3 Ra2 77. f5+ Kxf5 78.
Rf7+ Ke6 79. Rh7 Kf5 80. Rf7+ Ke6 81. Rc7 Ke5 82. Rd7 Ke6 83. Rb7 Ke5 84. f4+
Kf5 85. Rf7+ Ke6 86. Rc7 Kf5 87. Rf7+ Ke6 88. Rc7 Kf5 89. Rg7 Kf6 90. Rb7 Kf5
91. Rg7 Kf6 92. Rd7 Kf5 93. Kf3 Ra3+ 94. Ke2 Kg4 95. Rf7 Kxh4 96. Rg7 Kh3 97.
Kd2 h4 98. Ke2 Kg4 99. Rxg6+ Kxf4 100. Rh6 Rxa7 101. Rxh4+ Kg3 102. Rh8 Rb7
103. Kf1 Rc7 104. Ke2 Rd7 105. Re8 Rf7 106. Rh8 Rg7 107. Re8 Rh7 108. Rg8+ Kh3
109. Ke3 Rh6 110. Kd4 Rh5 111. Rf8 Rh4+ 112. Ke5 Rg4 113. Kf6 Rh4 114. Rg8 Rf4+
115. Kg7 Rg4+ 116. Kh8 Rxg8+ 117. Kxg8 {
Game drawn because neither player has mating material} 1/2-1/2

[Event "ICS rated blitz match"]
[Site "204.178.125.65"]
[Date "2000.10.13"]
[Round "?"]
[White "Hossa"]
[Black "Colorado"]
[Result "0-1"]
[WhiteElo "2520"]
[BlackElo "2705"]
[PlyCount "100"]
[EventDate "2000.??.??"]

1. e4 d5 2. exd5 Qxd5 3. Nc3 Qa5 4. Nf3 Bg4 5. h3 Bh5 6. g4 Bg6 7. b4 Qb6 8.
Nh4 Qe6+ 9. Be2 Nc6 10. Nxg6 hxg6 11. a4 Nxb4 12. Rb1 a5 13. Ba3 Qd6 14. Bxb4
axb4 15. Nb5 Qf4 16. Rb3 c6 17. Rf3 Qb8 18. c3 e6 19. Nd4 Nf6 20. Qb3 Qd6 21.
Rd3 Qd5 22. Qxd5 Nxd5 23. Bd1 Nb6 24. Nb3 Rxa4 25. Nc1 Ra3 26. h4 Nd5 27. Bb3
Nf4 28. Rf3 Ng2+ 29. Kf1 Nxh4 30. Rfh3 bxc3 31. dxc3 Be7 32. Bc2 Bf6 33. c4 Ra5
34. Nd3 g5 35. Ke2 O-O 36. Bb3 Ng6 37. Rb1 Rd8 38. Rhh1 b5 39. cxb5 cxb5 40.
Rhc1 Ra6 41. Rc7 Rad6 42. Nc5 Rd2+ 43. Ke1 Nf4 44. Kf1 Bd4 45. Ne4 Re2 46. Re1
Rb2 47. Bc2 Nd5 48. Rxf7 Rxc2 49. Rf3 Rf8 50. Rxf8+ Kxf8 {Hossa resigns} 0-1

[Event "ICS rated blitz match"]
[Site "204.178.125.65"]
[Date "2000.10.13"]
[Round "?"]
[White "Hossa"]
[Black "Colorado"]
[Result "0-1"]
[WhiteElo "2508"]
[BlackElo "2713"]
[PlyCount "68"]
[EventDate "2000.??.??"]

1. d4 Nf6 2. c4 e6 3. g3 Bb4+ 4. Nd2 c5 5. a3 Bxd2+ 6. Qxd2 cxd4 7. Nf3 Nc6 8.
Nxd4 Na5 9. c5 O-O 10. Qd3 d6 11. cxd6 Qxd6 12. Bd2 Qb6 13. e3 e5 14. Qb5 exd4
15. Bxa5 Qe6 16. Bb4 dxe3 17. fxe3 Re8 18. Bc5 Bd7 19. Qc4 Qc6 20. Rg1 Rac8 21.
b4 b6 22. Bg2 Qa4 23. Qc3 bxc5 24. bxc5 Ng4 25. e4 Rxe4+ 26. Bxe4 Qxe4+ 27. Kd2
Qd5+ 28. Qd3 Qg5+ 29. Kd1 Ba4+ 30. Ke2 Re8+ 31. Kf1 Qf6+ 32. Qf5 Qxf5+ 33. Kg2
Bc6+ 34. Kh3 Qh5# {Hossa checkmated} 0-1